| 000 | 00410 a2200121 4500 | ||
|---|---|---|---|
| 999 |
_c30338 _d30338 |
||
| 003 | NUST | ||
| 005 | 20180118113822.0 | ||
| 008 | 180118b xxu||||| |||| 00| 0 eng d | ||
| 040 | _cNUST | ||
| 082 | _a515.723 | ||
| 100 | 1 |
_aShilov, I.M. Gel'fand; G.E. _98605 |
|
| 245 | 1 | 0 |
_aGeneralized functions. _nVolume 2 : _bspaces of fundamental and generalized functions. / _cI.M. Gel'fand; G.E. Shilov. |
| 260 |
_a[S.l.] : _bAcademic Press, _c1968. |
||
| 300 |
_a1 v. (unpaged) ; _c24 cm. |
||
| 942 |
_aSNS _cBK _k515.723 GEL _2ddc |
||